Microsoft Visual C++ 6.0 : manual del programador /

Obra en 5 volumenes del programa Visual de Microsoft. Este volumen incluye el Visual C++ en su versión 6.0. Contenido: Uso y personalización de la interfaz de desarrollo; Asistentes de aplicación y clase; Recursos; Cuadros de diálogo y controles; Gallery; Escritura y uso de controles ActiveX con MFC...

Повний опис

Збережено в:
Бібліографічні деталі
Автор: Zaratian, Beck (autor)
Формат: Книга
Мова:Іспанська
Опубліковано: Madrid, España : Redmond, EUA : McGraw-Hill ; Microsoft, 1999, c1999
Серія:(Biblioteca del Programador)
Предмети:
Теги: Додати тег
Немає тегів, Будьте першим, хто поставить тег для цього запису!

MARC

LEADER 00000nam^a2200000^a^4500
001 000131825
005 20250521000000.0
009 20260310095037.232
020 |a 84-481-2127-9 
037 |a Acervo ITESO - Biblioteca 
041 |a ESP 
082 |a 005. 133  |b MIC V. 2 
100 |a Zaratian, Beck  |e (autor) 
240 1 1 |a [Microsoft Visual Studio] 
240 1 1 |a [Microsoft Visual C++ 6.0 Programmer's Guide] 
245 1 0 |a Microsoft Visual C++ 6.0 :  |b manual del programador /  |c B. Zaratian. 
264 4 |a Madrid, España :  |b McGraw-Hill ;  |a Redmond, EUA :  |b Microsoft,  |c 1999, c1999 
300 |a XII, 566 p. +  |e 1 disco compacto de computadora 
336 |a texto  |b txt  |2 rdacontenido 
337 |a sin mediación  |b n  |2 rdamedio 
338 |a volumen  |b nc  |2 rdasoporte 
440 1 |a (Biblioteca del Programador) 
500 |a Traducción de: Microsoft Visual C++ 6.0 Programmers's Guide 
520 |a Obra en 5 volumenes del programa Visual de Microsoft. Este volumen incluye el Visual C++ en su versión 6.0. Contenido: Uso y personalización de la interfaz de desarrollo; Asistentes de aplicación y clase; Recursos; Cuadros de diálogo y controles; Gallery; Escritura y uso de controles ActiveX con MFC y ATL; Optimización y depuración; Construcción y macros con VBScript. 
649 |a XX 
650 |a Procesador de Textos 
650 |a Paquetes (Software) 
650 |a Programación Orientada a Objetos 
650 |a Lenguajes de Programación 
650 |a Programación (Software) 
650 |a Ingeniería Computacional 
910 |a Fondo General 
920 |a Impresos - Libros 
930 |a Colección General 
905 |a 101 
901 |a SFW0000242  |b IT2  |c SWS  |u 20250521 
901 |a 0500061437  |b IT1  |c ACC  |u 20250521 
902 |a https://opac.biblio.iteso.mx/vufind/Record/000131825